000 00640nam a2200229 i 4500
001 C2-0234200
003 PPAK
005 20180727194719.0
008 010708s1969 enka|||| ||||| | eng d
040 _aPPAK
_beng
_cPPAK
_erda
082 0 4 _a709.45
_223
090 0 0 _a709.45
_bGER
_dKSF
100 1 _aGerson, H.,
_eauthor
245 1 0 _aRembrandt
264 1 _aLondon :
_bPhaidon Press Ltd. ,
_c1969
300 _axiii, 636 pages :
_billustrations ;
_c29 cm
336 _2rdacontent
_atext
337 _2rdamedia
_aunmediated
338 _2rdacarrier
_avolume
650 1 0 _aArt - Rembrandt ; Rembrandt - Pictorial work
942 _ddc
_cB
999 _c50502
_d50502